Logique - Mort Subite #35 - Statistiques

Statistiques générales
  • Ce quiz a été pris 107 fois
  • Le résultat moyen est 4 sur 15
Answers on the Grid
Answers color-coded by a green-red scale on the quiz's grid according to % correct below.
Libellule
Madagascar
Ressasser
Défenestrer
Indivisible
Turlututu
Porto-Novo
Antananarivo
Constitutionnellement
Barbapapa
Attestant
Fiftyfifty
Conchylicultrice
Mammectomie
Pennsylvanienne
Servovalve
Proprioception
Mardi
Indisponible
Épongée
Endormissement
Coccyx
Habitation
Visioconférence
 
Statistiques - réponses
Réponse % Correct
Madagascar
48%
Mammectomie
37%
Barbapapa
33%
Constitutionnellement
33%
Porto-Novo
33%
Antananarivo
30%
Ressasser
30%
Turlututu
30%
Pennsylvanienne
26%
Défenestrer
22%
Fiftyfifty
22%
Libellule
22%
Conchylicultrice
19%
Indivisible
19%
Attestant
15%
Aucun quiz correspondant
Distribution des résultats
% des personnes avec chaque résultat
Percentile par nombre de réponses
Votre historique - résultats
Vous n’avez pas pris ce quiz